000 00663nam a22002537a 4500
003 UA-OsUOA
001 129954
007 ta
008 20180402b un ||||| |||| 00| 0 ukr d
100 _aМузичук А.
090 _a821.161.2
_bМ89
942 _cBK
040 _aUA-OsUOA
_bukr
_cUA-OsUOA
_dUA-OsUOA
245 _aОлігарх у пеклі
300 _a304 с.
955 _a3
041 _aukr
080 _a821.161.2
020 _a978-966-2287-02-8
591 _aЛобас П. О.
260 _aК.
_bГудименко С. В.
_c2013
650 7 _a82 Література. Літературознавство
_2UDC
999 _c418034
_d418034